000
00276nam a2200133Ia 4500
100
_a
Rajam/J.B
942
_c
BK
654
_a
Atomic
245
_a
Atomic Physics
260
_b
S.Chand and Co.
_a
New Delhi
_c
1984
082
_a
539.7
_b
RAJ
300
_a
1279
546
_a
ENGLISH
999
_c
29668
_d
29668